[Event "Regionalliga NW 0405"]
[Site "Bayern"]
[Date "2005.01.30"]
[Round "6.6"]
[White "Herfer, Franz"]
[Black "Zimlich, Juergen"]
[Result "1/2-1/2"]
[WhiteElo "1866"]
[BlackElo "1921"]
[PlyCount "117"]
[EventDate "2004.10.24"]
[EventType "team-tourn"]
[EventRounds "9"]
[EventCountry "GER"]
[SourceTitle "EXT 2007"]
[Source "ChessBase"]
[SourceDate "2006.11.23"]
[SourceVersion "1"]
[SourceVersionDate "2006.11.23"]
[SourceQuality "1"]
[WhiteTeam "Schweinheim"]
[BlackTeam "Sailauf"]
[WhiteTeamCountry "GER"]
[BlackTeamCountry "GER"]

1. d4 d5 2. c4 c6 3. Nf3 Nf6 4. Nc3 e6 5. e3 Nbd7 6. Bd3 Bd6 7. 0-0 0-0 8. b3 Re8 9. Bb2 e5 10. dxe5 Nxe5 11. Nxe5 Bxe5 12. Qc2 dxc4 13. Bxc4 Be6 14. Be2 Nd5 15. Bf3 Nxc3 16. Bxc3 Qf6 17. Bxe5 Qxe5 18. Rad1 Rad8 19. h3 Bf5 20. Qc1 Bd3 21. Rfe1 Rd6 22. Rd2 Red8 23. Red1 Bf5 24. Rxd6 Rxd6 25. Rxd6 Qxd6 26. Qb2 h6 27. b4 Qf6 28. Qxf6 gxf6 29. Kf1 Kf8 30. Ke2 Ke7 31. Kd2 Kd6 32. Kc3 Be6 33. a3 Bd5 34. e4 Be6 35. Kd4 b6 36. Be2 c5+ 37. bxc5+ bxc5+ 38. Ke3 Kc6 39. f4 Kb6 40. Kd2 Ka5 41. Bd1 Kb5 42. Kc3 f5 43. exf5 Bxf5 44. g4 Be6 45. h4 Kc6 46. g5 hxg5 47. fxg5 Kd6 48. h5 Ke7 49. h6 Kf8 50. Bb3 Bf5 51. Bd5 Ke7 52. Kc4 f6 53. gxf6+ Kxf6 54. Bg8 Kg6 55. h7 Kg7 56. Kxc5 Bd3 57. Bc4 Bxh7 58. Kb5 Bc2 59. Kb4 1/2-1/2